Left and right in global politics / (Record no. 11665)
[ view plain ]
| 000 -LEADER | |
|---|---|
| fixed length control field | 02064cam a2200397 a 4500 |
| 001 - CONTROL NUMBER | |
| control field | 15178147 |
| 005 - DATE AND TIME OF LATEST TRANSACTION | |
| control field | 20080911145025.0 |
| 008 - FIXED-LENGTH DATA ELEMENTS--GENERAL INFORMATION | |
| fixed length control field | 080212s2008 enka b 001 0 eng |
| 010 ## - LIBRARY OF CONGRESS CONTROL NUMBER | |
| LC control number | 2008006274 |
| 015 ## - NATIONAL BIBLIOGRAPHY NUMBER | |
| National bibliography number | GBA854308 |
| Source | bnb |
| 016 7# - NATIONAL BIBLIOGRAPHIC AGENCY CONTROL NUMBER | |
| Record control number | 014583882 |
| Source | Uk |
| 020 ## - INTERNATIONAL STANDARD BOOK NUMBER | |
| International Standard Book Number | 9780521880015 (hbk. : alk. paper) |
| 020 ## - INTERNATIONAL STANDARD BOOK NUMBER | |
| International Standard Book Number | 9780521705837 (pbk. : alk. paper) |
| 035 ## - SYSTEM CONTROL NUMBER | |
| System control number | (OCoLC)ocn191856075 |
| 035 ## - SYSTEM CONTROL NUMBER | |
| System control number | (OCoLC)191856075 |
| 040 ## - CATALOGING SOURCE | |
| Original cataloging agency | DLC |
| Transcribing agency | DLC |
| Modifying agency | DLC |
| 050 00 - LIBRARY OF CONGRESS CALL NUMBER | |
| Classification number | JA83 |
| Item number | .N64 2008 |
| 082 00 - DEWEY DECIMAL CLASSIFICATION NUMBER | |
| Classification number | 327.1 |
| Edition number | 22 |
| Item number | NOE |
| 100 1# - MAIN ENTRY--PERSONAL NAME | |
| Personal name | Noel, Alain, |
| Dates associated with a name | 1958 Dec. 13- |
| 9 (RLIN) | 5506 |
| 245 10 - TITLE STATEMENT | |
| Title | Left and right in global politics / |
| Statement of responsibility, etc | Alain Noel and Jean-Philippe Therien. |
| 260 ## - PUBLICATION, DISTRIBUTION, ETC. (IMPRINT) | |
| Place of publication, distribution, etc | Cambridge, UK : |
| Name of publisher, distributor, etc | Cambridge University Press, |
| Date of publication, distribution, etc | c2008. |
| 300 ## - PHYSICAL DESCRIPTION | |
| Extent | ix, 251 p. : |
| Other physical details | ill. ; |
| Dimensions | 24 cm. |
| 504 ## - BIBLIOGRAPHY, ETC. NOTE | |
| Bibliography, etc | Includes bibliographical references and index. |
| 505 0# - FORMATTED CONTENTS NOTE | |
| Formatted contents note | A clash over equality -- A worldwide value divide -- Two tales of globalization -- The rise of the modern state system (1776-1945) -- The age of universality (1945-1980) -- The triumph of market democracy (1980-2007) -- Twenty-first-century rapprochement -- The core currency of political exchange. |
| 650 #0 - SUBJECT ADDED ENTRY--TOPICAL TERM | |
| Topical term or geographic name as entry element | Right and left (Political science) |
| General subdivision | History. |
| 9 (RLIN) | 5507 |
| 650 #0 - SUBJECT ADDED ENTRY--TOPICAL TERM | |
| Topical term or geographic name as entry element | Conservatism |
| General subdivision | History. |
| 9 (RLIN) | 5508 |
| 650 #0 - SUBJECT ADDED ENTRY--TOPICAL TERM | |
| Topical term or geographic name as entry element | Liberalism |
| General subdivision | History. |
| 9 (RLIN) | 5509 |
| 650 #0 - SUBJECT ADDED ENTRY--TOPICAL TERM | |
| Topical term or geographic name as entry element | World politics |
| General subdivision | History. |
| 9 (RLIN) | 5510 |
| 700 1# - ADDED ENTRY--PERSONAL NAME | |
| Personal name | Therien, Jean-Philippe. |
| 9 (RLIN) | 5511 |
| 856 42 - ELECTRONIC LOCATION AND ACCESS | |
| Materials specified | Contributor biographical information |
| Uniform Resource Identifier | <a href="http://www.loc.gov/catdir/enhancements/fy0810/2008006274-b.html">http://www.loc.gov/catdir/enhancements/fy0810/2008006274-b.html</a> |
| 856 42 - ELECTRONIC LOCATION AND ACCESS | |
| Materials specified | Publisher description |
| Uniform Resource Identifier | <a href="http://www.loc.gov/catdir/enhancements/fy0810/2008006274-d.html">http://www.loc.gov/catdir/enhancements/fy0810/2008006274-d.html</a> |
| 856 41 - ELECTRONIC LOCATION AND ACCESS | |
| Materials specified | Table of contents only |
| Uniform Resource Identifier | <a href="http://www.loc.gov/catdir/enhancements/fy0810/2008006274-t.html">http://www.loc.gov/catdir/enhancements/fy0810/2008006274-t.html</a> |
| 942 ## - ADDED ENTRY ELEMENTS (KOHA) | |
| Source of classification or shelving scheme | Dewey Decimal Classification |
| Item type | Book - Borrowing |
| Withdrawn status | Item status | Source of classification or shelving scheme | Damaged status | Not for loan | Vendor | Home library | Current library | Shelving location | Date acquired | Source of acquisition | Cost, normal purchase price | Serial Enumeration / chronology | Total Checkouts | Total Renewals | Full call number | Barcode | Date last seen | Date last borrowed | Koha item type |
|---|---|---|---|---|---|---|---|---|---|---|---|---|---|---|---|---|---|---|---|
| Dewey Decimal Classification | Alahram | Central Library | Central Library | First floor | 27/05/2009 | 183.00 | 367 | 2 | 14 | 327.1 NOE | 000016397 | 15/07/2025 | 20/11/2012 | Book - Borrowing |